|
|
|
|
| LEADER |
01232nam a22003492a 4500 |
| 001 |
001615970 |
| 003 |
CZ BrMZK |
| 005 |
20180504092504.0 |
| 007 |
ta |
| 008 |
180212s1968 xr a erf||||||||||cze d |
| 040 |
|
|
|a BOA001
|b cze
|e aacr2
|
| 043 |
|
|
|a e-xr---
|
| 045 |
|
|
|a x-x-
|
| 072 |
|
7 |
|a 72/76
|x Výtvarné umění
|2 Konspekt
|9 21
|
| 080 |
|
|
|a 72/76(437.3)
|2 MRF
|
| 080 |
|
|
|a 7.036/.038
|2 MRF
|
| 080 |
|
|
|a (437.3)
|2 MRF
|
| 080 |
|
|
|a (036)
|2 MRF
|
| 100 |
1 |
|
|a Šimotová, Adriena,
|d 1926-2014
|7 jn19990209857
|4 art
|
| 245 |
1 |
0 |
|a Adriena Šimotová /
|c [4 básně] Jiřiny Haukové
|
| 260 |
|
|
|a Praha :
|b Svaz československých výtvarných umělců,
|c 1968
|
| 300 |
|
|
|a 1 sv. (nestr.) :
|b il.
|
| 600 |
1 |
7 |
|a Šimotová, Adriena,
|d 1926-2014
|7 jn19990209857
|2 czenas
|
| 648 |
|
7 |
|a 20. století
|7 ch460558
|2 czenas
|
| 650 |
0 |
7 |
|a české výtvarné umění
|7 ph116865
|y 20. století
|2 czenas
|
| 650 |
0 |
7 |
|a moderní umění
|7 ph115340
|z Česko
|2 czenas
|
| 655 |
|
7 |
|a informační publikace
|7 fd132454
|2 czenas
|
| 700 |
1 |
|
|a Hauková, Jiřina,
|d 1919-2005
|7 jk01040170
|4 wfw
|
| 910 |
|
|
|a BOA001
|b X-0603.943
|
| 990 |
|
|
|a BK
|
| 991 |
|
|
|b 201802
|
| 996 |
6 |
|
|b 2618926000
|c X-0603.943
|l MZK
|r Sklad / do 24 hodin
|n 1
|w 001651575
|u 000010
|a 1
|e BOA001
|j MZK50
|s P
|